000 00649cam a2200241 4500
001 M93347
008 090401t1998 xxu||||| |||| 00| 0 eng d
035 _a(Sirsi) u87918
041 _aeng
050 _a333.0062
110 _aRoyal Institution of Chartered Surveyors
_94900
245 4 _aThe agenda for change : 1998 presidential address [by] Richard Lay.
260 _aLondon
_bRICS
_c1998
300 _a12p. : ill. ; 30cm.
350 _a0
650 _aAGENDA FOR CHANGE
650 _aFUTURE OF THE PROFESSION
650 _aPRESIDENTIAL ADDRESS
650 _aRICHARD LAY
650 _aSPEECHES
942 _n0
948 _c10/08/1998
999 _c97282
_d97282